TENNIS - Tournois du grand chelem (ère Open) - Simple Dame - Statistiques

Statistiques générales
  • Ce quiz a été pris 960 fois
  • Le résultat moyen est 119 sur 188
Statistiques - réponses
Année Championne % Correct
2009 Serena Williams (10/18)
97%
2009 Serena Williams (11/18)
97%
1999 Serena Williams (1/18)
97%
2010 Serena Williams (12/18)
97%
2010 Serena Williams (13/18)
97%
2012 Serena Williams (14/18)
97%
2012 Serena Williams (15/18)
97%
2013 Serena Williams (16/18)
97%
2013 Serena Williams (17/18)
97%
2014 Serena Williams (18/18)
97%
2002 Serena Williams (2/18)
97%
2002 Serena Williams (3/18)
97%
2002 Serena Williams (4/18)
97%
2003 Serena Williams (5/18)
97%
2003 Serena Williams (6/18)
97%
2005 Serena Williams (7/18)
97%
2007 Serena Williams (8/18)
97%
2008 Serena Williams (9/18)
97%
2000 Venus Williams (1/7)
95%
2000 Venus Williams (2/7)
95%
2001 Venus Williams (3/7)
95%
2001 Venus Williams (4/7)
95%
2005 Venus Williams (5/7)
95%
2007 Venus Williams (6/7)
95%
2008 Venus Williams (7/7)
95%
1991 Steffi Graf (10/22)
88%
1992 Steffi Graf (11/22)
88%
1987 Steffi Graf (1/22)
88%
1993 Steffi Graf (12/22)
88%
1993 Steffi Graf (13/22)
88%
1993 Steffi Graf (14/22)
88%
1994 Steffi Graf (15/22)
88%
1995 Steffi Graf (16/22)
88%
1995 Steffi Graf (17/22)
88%
1995 Steffi Graf (18/22)
88%
1996 Steffi Graf (19/22)
88%
1996 Steffi Graf (20/22)
88%
1996 Steffi Graf (21/22)
88%
1988 Steffi Graf (2/22)
88%
1999 Steffi Graf (22/22)
88%
1988 Steffi Graf (3/22)
88%
1988 Steffi Graf (4/22)
88%
1988 Steffi Graf (5/22)
88%
1989 Steffi Graf (6/22)
88%
1989 Steffi Graf (7/22)
88%
1989 Steffi Graf (8/22)
88%
1990 Steffi Graf (9/22)
88%
2004 Maria Sharapova (1/5)
87%
2006 Maria Sharapova (2/5)
87%
2008 Maria Sharapova (3/5)
87%
2012 Maria Sharapova (4/5)
87%
2014 Maria Sharapova (5/5)
87%
2003 Justine Henin (1/7)
84%
2003 Justine Henin (2/7)
84%
2004 Justine Henin (3/7)
84%
2005 Justine Henin (4/7)
84%
2006 Justine Henin (5/7)
84%
2007 Justine Henin (6/7)
84%
2007 Justine Henin (7/7)
84%
2006 Amélie Mauresmo (1/2)
81%
2006 Amélie Mauresmo (2/2)
81%
1984 M.Navrátilová (10/18)
80%
1984 M.Navrátilová (11/18)
80%
1978 M.Navrátilová(1/18)
80%
1985 M.Navrátilová (12/18)
80%
1986 M.Navrátilová (13/18)
80%
1986 M.Navrátilová (14/18)
80%
1986 M.Navrátilová (15/18)
80%
1987 M.Navrátilová (16/18)
80%
1987 M.Navrátilová (17/18)
80%
1990 M.Navrátilová (18/18)
80%
1979 M.Navrátilová (2/18)
80%
1982 M.Navrátilová (3/18)
80%
1982 M.Navrátilová (4/18)
80%
1982 M.Navrátilová (5/18)
80%
1983 M.Navrátilová(6/18)
80%
1983 M.Navrátilová (7/18)
80%
1984 M.Navrátilová (8/18)
80%
1984 M.Navrátilová (9/18)
80%
1997 Martina Hingis (1/5)
74%
1997 Martina Hingis (2/5)
74%
1997 Martina Hingis (3/5)
74%
1998 Martina Hingis (4/5)
74%
1999 Martina Hingis (5/5)
74%
2013 Marion Bartoli (1/1)
73%
1990 Monica Seles (1/9)
71%
1991 Monica Seles (2/9)
71%
1991 Monica Seles (3/9)
71%
1991 Monica Seles (4/9)
71%
1992 Monica Seles (5/9)
71%
1992 Monica Seles (6/9)
71%
1992 Monica Seles (7/9)
71%
1993 Monica Seles (8/9)
71%
1996 Monica Seles (9/9)
71%
1995 Mary Pierce (1/2)
70%
2000 Mary Pierce (2/2)
70%
2005 Kim Clijsters (1/4)
66%
2009 Kim Clijsters (2/4)
66%
2010 Kim Clijsters (3/4)
66%
2011 Kim Clijsters (4/4)
66%
1980 Chris Evert (10/18)
62%
1980 Chris Evert (11/18)
62%
1974 Chris Evert (1/18)
62%
1981 Chris Evert (12/18)
62%
1982 Chris Evert (13/18)
62%
1983 Chris Evert (14/18)
62%
1983 Chris Evert (15/18)
62%
1985 Chris Evert (16/18)
62%
1985 Chris Evert (17/18)
62%
1986 Chris Evert (18/18)
62%
1974 Chris Evert (2/18)
62%
1975 Chris Evert (3/18)
62%
1975 Chris Evert (4/18)
62%
1976 Chris Evert (5/18)
62%
1976 Chris Evert (6/18)
62%
1977 Chris Evert (7/18)
62%
1978 Chris Evert (8/18)
62%
1979 Chris Evert (9/18)
62%
1989 A.Sánchez (1/4)
57%
1994 A.Sánchez (2/4)
57%
1994 A.Sánchez (3/4)
57%
1998 A.Sánchez (4/4)
57%
2011 Li Na (1/2)
56%
2014 Li Na (2/2)
56%
2008 Ana Ivanović (1/1)
54%
1998 L.Davenport (1/3)
52%
1999 L.Davenport (2/3)
52%
2000 L.Davenport (3/3)
52%
2010 F. Schiavone (1/1)
51%
2012 Victoria Azarenka (1/2)
50%
2013 Victoria Azarenka (2/2)
50%
2004 S. Kuznetsova (1/2)
47%
2009 S. Kuznetsova (2/2)
47%
2011 Petra Kvitová (1/2)
46%
2014 Petra Kvitová (2/2)
46%
2001 Jennifer Capriati (1/3)
45%
2001 Jennifer Capriati (2/3)
45%
2002 Jennifer Capriati (3/3)
45%
1969 M.Smith Court (14/24)
43%
1969 M.Smith Court (15/24)
43%
1969 M.Smith Court (16/24)
43%
1970 M.Smith Court(17/24)
43%
1970 M.Smith Court(18/24)
43%
1970 M.Smith Court (19/24)
43%
1970 M.Smith Court (20/24)
43%
1971 M.Smith Court(21/24)
43%
1973 M.Smith Court (22/24)
43%
1973 M.Smith Court (23/24)
43%
1973 M.Smith Court (24/24)
43%
1973 Billie Jean King (10/12)
38%
1974 Billie Jean King (11/12)
38%
1975 Billie Jean King (12/12)
38%
1968 Billie Jean King (3/12)
38%
1968 Billie Jean King (5/12)
38%
1971 Billie Jean King (6/12)
38%
1972 Billie Jean King (7/12)
38%
1972 Billie Jean King (8/12)
38%
1972 Billie Jean King (9/12)
38%
2011 Samantha Stosur (1/1)
36%
1994 Conchita Martínez (1/1)
33%
2004 Anastasia Myskina (1/1)
32%
1990 Gabriela Sabatini (1/1)
32%
1998 Jana Novotná (1/1)
24%
1971 E.Goolagong (1/7)
23%
1971 E.Goolagong (2/7)
23%
1974 E.Goolagong (3/7)
23%
1975 E.Goolagong (4/7)
23%
1976 E.Goolagong (5/7)
23%
1978 E.Goolagong (6/7)
23%
1980 E.Goolagong (7/7)
23%
1997 Iva Majoli (1/1)
23%
1981 H.Mandlíková (1/4)
20%
1981 H.Mandlíková (2/4)
20%
1985 H.Mandlíková (3/4)
20%
1987 H.Mandlíková (4/4)
20%
1979 Tracy Austin (1/2)
17%
1981 Tracy Austin (2/2)
17%
1968 Virginia Wade (1/3)
12%
1972 Virginia Wade (2/3)
12%
1977 Virginia Wade (3/3)
12%
1978 Virginia Ruzici (1/1)
10%
1976 Sue Barker (1/1)
6%
1980 Barbara Jordan (1/1)
5%
1977 Mima Jaušovec (1/1)
5%
1979 Chris O'Neil (1/1)
4%
1968 Nancy Richey (2/2)
4%
1969 Ann Haydon-Jones (3/3)
3%
1977 Kerry Reid (1/1)
3%
Aucun quiz correspondant
Distribution des résultats
% des personnes avec chaque résultat
Percentile par nombre de réponses
Votre historique - résultats
Vous n’avez pas pris ce quiz